Qui est l'auteur de ces grands classiques de la littérature #1 - Statistiques

Statistiques générales
  • Ce quiz a été pris 876 fois
  • Le résultat moyen est 7 sur 10
Statistiques - réponses
Titre Auteur % Correct
Les misérables Victor Hugo
99%
Le petit prince Antoine de Saint-Éxupéry
94%
Harry Potter J.K. Rowling
91%
Les trois mousquetaires Alexandre Dumas
89%
Le seigneur des anneaux J. R. R. Tolkien
80%
Les fleurs du mal Charles Beaudelaire
76%
Cyrano de Bergerac Edmond Rostand
68%
Les malheurs de Sophie Comtesse de Ségur
51%
Les quatres filles du docteur March Louisa May Alcott
13%
Heidi Johanna Spyri
4%
Aucun quiz correspondant
Distribution des résultats
% des personnes avec chaque résultat
Percentile par nombre de réponses
Votre historique - résultats
Vous n’avez pas pris ce quiz